00677nam a2200193Ia 450000500170000000800410001702000180005805000200007610000440009624500620014025000180020226000380022030000240025850000630028265000190034594200070036495200950037199900170046620231102151656.0120720s 2001mx 000 0 spa d a970-10-3517-8 aR129bH54 2001  aHIGASHIDA HIROSE, BERTHA YOSHIKOeautor00aCiencias de la salud c/ Bertha Yoshiko Higashida Hirose  a4a. edición aMéxicob : McGraw-Hillc , 2001 aVI, 533 P. / 24 CM. aPlan Flexible Contabilidad / Complementario / (19 001217) aMEDICINAÌÌ cLB 00104070a19b19d2015-10-02l0oR129 H54 2001p19 001217r2014-05-23t1w2014-05-23yLB c92866d92866